Random Trivia #1 - Statistics

General Stats
  • This quiz has been taken 3,033 times
    2,595 since last reset
  • The average score is 5 of 15
Answer Stats
Hint Answer % Correct
J-Lo refers to... Jennifer Lopez
81%
Who is known as "The King of Rock" ? Elvis Presley
75%
The tallest building in Canada is in what city? Toronto
62%
Vlad "The Impaler" 's kingdom was in modern day.. Romania
54%
Seal Team __ killed Osama Bin Laden Six
54%
What significant event occured on June 6,1944? D-Day
53%
Best-selling musical artist of all time The Beatles
35%
Who wrote "The Hunger Games"? Suzanne Collins
31%
Hezbollah occupies what nation? Lebanon
27%
The city of Ono is in what US state? California
20%
In spanish, ¡Ariba! means... Up
19%
Who was the 9th president? William H. Harrison
14%
The name of the Jedi with the green skin and tentacle hair Kit Fisto
10%
Who was the first-overall pick of the 2009 NFL Draft? Matthew Stafford
4%
Who sings "Never Ever" Wiz Khalifa
0%
No matching quizzes found
Score Distribution
Percent of People with Each Score
Percentile by Number Answered
Your Score History
You have not taken this quiz since the last reset